000 00934nas a2200301 4500
001 BR0205126
003 BR-BrBNA
005 20231205103315.0
007 ta
008 230509b bl.|||p| |||| 00| 00por d
040 _aBR-BrBNA
_bpor
_cBiblioteca Nacional de Agricultura
041 _a(Pt)
072 _aE16
100 1 _aPortela, J.N.
100 1 _aViegas, J.
100 1 _aNeumann, P.S.
100 1 _aSilva Neto, B.
100 1 _aLaurentino, L.D.
245 1 _aAnálise econômica de sistema de produção com bovinocultura de leite da depressão central do Rio Grande do Sul
650 _aPRODUÇÃO LEITEIRA
650 _aGADO LEITEIRO
650 _aANÁLISE ECONÔMICA
650 _aSISTEMA DE PRODUÇÃO
650 _aRENDA FAMILIAR
773 0 _tCiência Rural (Brazil)
_xISSN 0103-8478
_g(Sep-Oct 2002), v. 32(5) p. 855-861
_wBR0205126
909 _a202311
_bLúcia
_c55
_dLúcia Elande
942 _2AGRIS
_n0
_cANA
999 _c172192
_d172192